000 01085 a2200277 4500
001 40651
005 20260407155702.0
008 260407a2007 arg spa d
003 AR-UNSa-BCEJYS
040 _aAR-UNSa-BCEJYS
_bspa
_cAR-UNSa-BCEJYS
080 _a517.2/3
_xCálculo diferencial e integral
245 1 0 _aCálculo diferencial e integral
020 _a978-970-26-0989-6
250 _a9a. ed.
264 1 _aMéxico :
_bPearson Educación
_c2007
300 _axv, 447 p.
_c27 cm.
505 _ao. Preliminares - 1. Límites - 2. La derivada - 3. Aplicaciones a la derivada - 4. La integral definida - 5. Aplicaciones de la integral - 6. Funciones trascendentales - 7. Técnicas de integración - 8. Formas indeterminadas e integrales impropias
041 _aspa
942 _cBK
590 _aniveau_biblio:m niveau_hierar:0
100 1 _aPurcell, Edwin J.
700 1 _aVarberg, Dale
700 1 _aIbarra Mercado, Víctor Hugo
700 1 _aRigdon, Steven E.
856 4 1 _uhttps://biblioeco.unsa.edu.ar/pmb/images/libros/L126267.jpg
_yImagen de portada
_qimage/jpeg
999 _c3284
_d3284